Meilleurs buteurs de Ligue 1 par saison depuis 2010-2011 - Statistiques

Statistiques générales
  • Ce quiz a été pris 2 727 fois
    2 617 depuis la dernière actualisation
  • Le résultat moyen est 11 sur 12
Statistiques - réponses
Saison Club nombre de buts joueur % Correct
2018-2019 PSG 33 Kylian Mbappe
100%
2019-2020 PSG 18 Kylian Mbappe
100%
2020-2021 PSG 27 Kylian Mbappe
100%
2021-2022 PSG 28 Kylian Mbappe
100%
2016-2017 PSG 35 Edinson Cavani
98%
2017-2018 PSG 28 Edinson Cavani
98%
2012-2013 PSG 30 Zlatan Ibrahimovic
96%
2013-2014 PSG 26 Zlatan Ibrahimovic
96%
2015-2016 PSG 38 Zlatan Ibrahimovic
96%
2014-2015 Lyon 27 Alexandre Lacazette
94%
2011-2012 Montpellier 21 Olivier Giroud
88%
2010-2011 Lille 25 Moussa Sow
38%
Aucun quiz correspondant
Distribution des résultats
% des personnes avec chaque résultat
Percentile par nombre de réponses
Votre historique - résultats
Vous n’avez pas pris ce quiz depuis la dernière actualisation